Statistics for 7 Fastest Spoken Languages in the World

Click here to take the quiz!

General Stats

  • This quiz has been taken 71 times
  • The average score is 6 of 7

Answer Stats

RankSpeedLanguage% Correct
#27.82 syllables per secondSpanish
97%
#56.19 syllables per secondEnglish
89%
#37.18 syllables per secondFrench
89%
#17.84 syllables per secondJapanese
86%
#75.18 syllables per secondMandarin
84%
#65.97 syllables per secondGerman
78%
#46.99 syllables per secondItalian
76%

Score Distribution

Percentile by Number Answered

Percent of People with Each Score

Your Score History

You have not taken this quiz